000
00330nam a22001457a 4500
008
210428b ||||| |||| 00| 0 eng d
020
_a
0153732059
041
_a
eng
080
_a
94
082
_a
94
100
_a
16
101
_a
HIS
245
_a
The United States its History and Neighbors
_c
John Barbini
942
_2
udc
_c
BK
999
_c
56883
_d
56883